|
|
|
|
| LEADER |
00000cam a22000004a 4500 |
| 001 |
musev2_40341 |
| 003 |
MdBmJHUP |
| 005 |
20230905044230.0 |
| 006 |
m o d |
| 007 |
cr||||||||nn|n |
| 008 |
101215s2011 onc o 00 0 eng d |
| 020 |
|
|
|a 9781554583089
|
| 020 |
|
|
|z 9781554582686
|
| 020 |
|
|
|z 155458308X
|
| 035 |
|
|
|a (OCoLC)693657701
|
| 040 |
|
|
|a MdBmJHUP
|c MdBmJHUP
|
| 100 |
1 |
|
|a Bociurkiw, Marusya,
|d 1958-
|
| 245 |
1 |
0 |
|a Feeling Canadian :
|b Television, Nationalism, and Affect /
|c Marusya Bociurkiw.
|
| 264 |
|
1 |
|a Waterloo, Ont. :
|b Wilfred Laurier University Press,
|c 2011.
|
| 264 |
|
3 |
|a Baltimore, Md. :
|b Project MUSE,
|c 2016
|
| 264 |
|
4 |
|c ©2011.
|
| 300 |
|
|
|a 1 online resource (192 pages).
|
| 336 |
|
|
|a text
|b txt
|2 rdacontent
|
| 337 |
|
|
|a computer
|b c
|2 rdamedia
|
| 338 |
|
|
|a online resource
|b cr
|2 rdacarrier
|
| 490 |
0 |
|
|a Film and media studies
|
| 505 |
0 |
|
|a Affect theory: becoming nation -- The televisual archive and the nation -- Whose child am I? The Quebec referendum and the language of affect and the body -- Haunted absences: reading Canada: a People's history -- An otherness barely touched upon: a cooking show, a foreigner, a turnip, and a fish's eye -- National mania, collective melancholia: the Trudeau funeral -- Homeland (in)security: roots and displacement, from New York to Toronto to Salt Lake City -- Conclusion: Empty suitcases -- Coda: Fascinating fascism: the 2010 Olympics.
|
| 588 |
|
|
|a Description based on print version record.
|
| 650 |
|
7 |
|a Television
|x Psychological aspects.
|2 fast
|0 (OCoLC)fst01146594
|
| 650 |
|
7 |
|a Television broadcasting
|x Social aspects.
|2 fast
|0 (OCoLC)fst01146764
|
| 650 |
|
7 |
|a Television and politics.
|2 fast
|0 (OCoLC)fst01146689
|
| 650 |
|
7 |
|a National characteristics, Canadian.
|2 fast
|0 (OCoLC)fst01033386
|
| 650 |
|
7 |
|a SOCIAL SCIENCE
|x Media Studies.
|2 bisacsh
|
| 650 |
|
6 |
|a Canadiens.
|
| 650 |
|
6 |
|a Television et politique
|z Canada.
|
| 650 |
|
6 |
|a Television
|z Canada
|x Aspect psychologique.
|
| 650 |
|
6 |
|a Television
|x Aspect social
|z Canada.
|
| 650 |
|
0 |
|a Canadians.
|
| 650 |
|
0 |
|a National characteristics, Canadian.
|
| 650 |
|
0 |
|a Television and politics
|z Canada.
|
| 650 |
|
0 |
|a Television
|z Canada
|x Psychological aspects.
|
| 650 |
|
0 |
|a Television broadcasting
|x Social aspects
|z Canada.
|
| 651 |
|
7 |
|a Canada.
|2 fast
|0 (OCoLC)fst01204310
|
| 655 |
|
7 |
|a Electronic books.
|2 local
|
| 710 |
2 |
|
|a Project Muse.
|e distributor
|
| 830 |
|
0 |
|a Book collections on Project MUSE.
|
| 856 |
4 |
0 |
|z Texto completo
|u https://projectmuse.uam.elogim.com/book/40341/
|
| 945 |
|
|
|a Project MUSE - Custom Collection
|
| 945 |
|
|
|a Project MUSE - Archive Complete Supplement IV
|
| 945 |
|
|
|a Project MUSE - Archive Film, Theater and Performing Arts Supplement IV
|